Biblioteca y Centro de Documentación

Sécurité alimentaire et climat au XXIe siècle (Registro nro. 48219)

Detalles MARC
000 -CABECERA
Longitud fija campo de control 01046naa a2200265 c 4500
001 - NÚMERO DE CONTROL
Número de control 48219
003 - IDENTIFICADOR DE NÚMERO DE CONTROL
Identificador del número de control ES-MaCES
005 - FECHA Y HORA DE LA ÚLTIMA TRANSACCIÓN
Fecha y hora de la última transacción 20160927113415.0
008 - CAMPO FIJO DE DESCRIPCIÓN FIJA--INFORMACIÓN GENERAL
Códigos de información de longitud fija   160927s2016 fr ||||| t||||||| ||fre d
040 ## - FUENTE DE CATALOGACIÓN
Centro catalogador de origen ES-MaCES
Lengua de catalogación spa
Centro transcriptor ES-MaCES
Centro modificado ES-MaCES
100 1# - ENCABEZAMIENTO PRINCIPAL--NOMBRE PERSONAL
9 (RLIN) 7547
Nombre de persona Benoit, Guillaume
245 10 - MENCIÓN DE TÍTULO
Título Sécurité alimentaire et climat au XXIe siècle
Resto del título : Eaux bleues, eaux vertes et sols
Mención de responsabilidad, etc. Guillaume Benoit
650 #4 - ASIENTO SECUNDARIO DE MATERIA--TÉRMINO DE MATERIA
9 (RLIN) 28667
Término de materia o nombre geográfico como elemento inicial seguridad alimentaria
650 #4 - ASIENTO SECUNDARIO DE MATERIA--TÉRMINO DE MATERIA
9 (RLIN) 28722
Término de materia o nombre geográfico como elemento inicial recursos hídricos
650 #4 - ASIENTO SECUNDARIO DE MATERIA--TÉRMINO DE MATERIA
9 (RLIN) 28661
Término de materia o nombre geográfico como elemento inicial contaminación de los alimentos
650 #4 - ASIENTO SECUNDARIO DE MATERIA--TÉRMINO DE MATERIA
9 (RLIN) 27489
Término de materia o nombre geográfico como elemento inicial agricultura
650 #4 - ASIENTO SECUNDARIO DE MATERIA--TÉRMINO DE MATERIA
9 (RLIN) 27664
Término de materia o nombre geográfico como elemento inicial producción alimentaria
650 #4 - ASIENTO SECUNDARIO DE MATERIA--TÉRMINO DE MATERIA
9 (RLIN) 30961
Término de materia o nombre geográfico como elemento inicial cambio climático
650 #4 - ASIENTO SECUNDARIO DE MATERIA--TÉRMINO DE MATERIA
9 (RLIN) 28749
Término de materia o nombre geográfico como elemento inicial control de la contaminación
650 #4 - ASIENTO SECUNDARIO DE MATERIA--TÉRMINO DE MATERIA
9 (RLIN) 30785
Término de materia o nombre geográfico como elemento inicial desarrollo sostenible
653 10 - TÉRMINO DE INDEXACIÓN--NO CONTROLADO
Término no controlado Agricultura-Ganadería
773 0# - ENTRADA DE DOCUMENTO FUENTE
Itemnumber del ítem fuente 85025
Lugar, editor y fecha de publicación Paris (Rue de Varenne, 55, 75341, Cedex 07) Futuribles
Otro identificador del documento 087923
Título Futuribles
Número de control del registro relacionado (ES-MaCES)25335
Parte(s) relacionada(s) nº 413 (juil.-août 2016) {10324 R. 087923} ;p. 5-28
902 ## - CES. TIPO DE DOCUMENTO
Tipodoc (006$c Sirtex) ART Artículo de revista
942 ## - ELEMENTOS KOHA
Fuente de clasificaión o esquema Clasificación propia del CES
Koha [por defecto] tipo de item Artículos (1982-2017)
Parte de clasificación Agricultura y Ganaderia

No hay ítems disponibles.

© CES, Consejo Económico y Social de España 2021